000 00885nam a22002417a 4500
005 20211108160408.0
008 211108b ||||| |||| 00| 0 eng d
020 _a1585421936
040 _cAL
041 _aeng
082 _223
_a333.8
_bRIFH
100 _aJeremy Rifkin
_99967
245 _aHydrogen Economy: The Creation of the Worldwide Energy Web and the Redistribution of Power on Earth
260 _aNew York
_bA Member of Penguin Putnam Inc.
_c2002
300 _a295p.
_bHB
_c23x16 cm.
365 _b24.95
_c$
_d24.95
520 _aThe author of The Biotech Century exposes the coming depletion of oil reserves and illuminates the potential of sustainable hydrogen fuel to replace fossil fuels.
650 _aEconomics of Land and Energy
_99968
650 _aEconomics
_99969
650 _aHydrogen as Fuel
_99970
700 _aRIFKIN (Jeremy)
_99972
942 _2ddc
_cGF
999 _c220447
_d220447